| 000 | 01010cam a2200337 a 4500 | ||
|---|---|---|---|
| 001 | 12015976 | ||
| 003 | OSt | ||
| 005 | 20140310182902.0 | ||
| 008 | 000325s2000 ph a 000 0ceng | ||
| 010 | _a 00280539 | ||
| 020 | _a9712708519 | ||
| 035 | _a(DLC) 00280539 | ||
| 037 |
_bLibrary of Congress -- Jakarta Overseas Office _cP295.00 |
||
| 040 |
_aDLC _cDLC |
||
| 042 | _alcode | ||
| 043 | _aa-ph--- | ||
| 050 | 0 | 0 |
_aCT 1796 _b.T597 2000 |
| 082 |
_aFIL 920.0599 _bT597 2000 |
||
| 100 | 1 | _aKalaw-Tirol, Lorna. | |
| 245 | 1 | 0 |
_aPublic faces, private lives _cTirol, Lorna Kalaw |
| 260 |
_aPasig City, Philippines _bPublished and exclusively distributed by Anvil Pub. _cc2000 |
||
| 300 |
_axv, 305 p. _bill. _c23 cm. |
||
| 521 | _aCollege | ||
| 526 | _c1210L-1700L | ||
| 541 | _j1 | ||
| 562 | _e1 | ||
| 651 | 0 |
_aPhilippines _vBiography. |
|
| 906 |
_a7 _bcbc _corigode _d3 _encip _f20 _gy-gencatlg |
||
| 942 |
_2lcc _cBK _kFIL |
||
| 999 |
_c17111 _d17111 |
||